000 03173nam a2200385 a 4500
003 CHAP
005 20230426133829.0
007 ta
008 230426s2019 ck o|||fr|||| 001 0 spa d
020 _a978-958-8214-72-6
040 _amxchpua
_cCHAP
_erda
050 1 0 _aSB379.A9
_b.D53 2019
082 0 0 _a634.653
_bD53 2019
_220
100 1 _9186830
_aDíaz Serna, Diana Alexandra
_eautora
245 1 0 _aManual técnico del cultivo del aguacate /
_cDiana Alexandra Díaz Serna y Billy Arango Cifuentes
250 _a1a edición
264 _aColombia :
_bAPROARE SAT : Instituto Colombiano Agropecuario,
_c2019
300 _a47 páginas :
_bilustraciones, tablas, diagramas y fotos
336 _2rdacontent
_atexto
_btxt
337 _2rdamedia
_asin medio
_bn
338 _2rdacarrier
_avolumen
_bnc
520 2 _aEl tiempo que se avecina representa un periodo crucial para el sector Aguacatero, donde el diseño de mecanismos eficientes y estrategias competitivas en términos de producción, mercado y asociatividad, representarán la sostenibilidad y crecimiento del sector. Las instituciones de investigación, en especial las locales, le están creyendo al Aguacate, como lo evidencia la cantidad de proyectos que se vienen desarrollando alrededor del tema un par de años atrás, muchos de los cuales están en etapa de investigación y que para este año estarán arrojando sus resultados; importantísimos para identificar y desarrollar estrategias propias de manejo, acentuadas a las condiciones particulares de la región. El mercado del Aguacate día a día crece; dado un consumo percapita mundial creciente, originado por las bondades nutricionales del producto y por un mayor conocimiento de la fruta. Los cultivos Colombia de variedades mejoradas crecen exponencialmente, lo cual es muy alentador, pues afuera hay un mercado internacional sediento de alimentos frescos, funcionales y sabrosos, como el aguacate, dichos mercados demandan volumen de oferta, calidad del producto, oportunidad, regularidad en la entrega y suministro y negociaciones claras; el año venidero se hará la primera exportación real y representativa de aguacate colombiano hacia el exterior y será la manera, de medir el termómetro, en cuanto a cómo se están perfilando en el escenario internacional, teniendo en cuenta que son uno de los productos principales. Nota: contiene imágenes y fotografías a color. Impreso en papel esmaltado.
650 1 3 _92490
_aAguacate
650 1 3 _92490
_aAguacate
_xEnfermedades fungales de las plantas
_vManuales
650 1 3 _92490
_aAguacate
_xEnfermedades de los frutos
_x
_vManuales
650 1 3 _92490
_aAguacate
_xVariedades
_vManuales
650 1 3 _9157374
_aCultivos tropicales y subtropicales
_vManuales
650 1 3 _9148887
_aAvocados
650 1 3 _9148887
_aAvocados
_xFungal diseases of plants
_vHandbooks, manuals, etc.
650 1 3 _9148887
_aAvocados
_xFruit diseases
_vHandbooks, manuals, etc.
650 1 3 _9148887
_aAvocados
_xVarieties
_vHandbooks, manuals, etc.
650 1 3 _9157375
_aTropical and subtropical crops
_vHandbooks, manuals, etc.
700 1 _9186831
_aArango Cifuentes, Billy
_eautor
942 _2ddc
_cLibro
999 _c218631
_d218631